000 00666nam a2200193Ia 4500
003 GCL
008 140319s9999 xx 000 0 ara d
040 _aGCL /
_cGCL
082 0 4 _a005.74
_bا ك
100 1 _aاوبل، اندى
245 1 0 _aكشف اسرار قواعد البيانات /
_cاوبل، اندى
260 _aبيروت :
_bالدار العربية للعلوم ،
_c2004
300 _a344 ص ؛
_c28 سم
650 0 4 _aقواعد البيانات
650 0 4 _aاختزان واسترجاع المعلومات
650 0 4 _aخدمات المعلومات
650 0 4 _aالتكنولوجيا - قواعد البيانات
942 _2ddc
_cBK
999 _c8046
_d8046